Statistics for Saturday Stumper #24

Click here to take the quiz!

General Stats

  • This quiz has been taken 1,332 times
  • The average score is 15 of 24

Answer Stats

HintAnswer% Correct
temptAttempt
93%
rrenBarren
87%
cariousPrecarious
84%
rrenWarren
83%
utalBrutal
81%
temptContempt
81%
etryPoetry
81%
rapStrap
75%
etryRetry
74%
leteComplete
67%
ampleTrample
65%
ampleExample
62%
rboardStarboard
62%
cariousVicarious
60%
adlyGladly
58%
viceService
57%
rapScrap
53%
ntityQuantity
48%
adlyDeadly
46%
rboardOverboard
45%
leteObsolete
42%
ntityIdentity
34%
viceCrevice
28%
utalRefutal
9%

Score Distribution

Percentile by Number Answered

Percent of People with Each Score

Your Score History

You have not taken this quiz